International Human Rights in Context : (Record no. 95)

MARC details
000 -LEADER
fixed length control field 00794cam a2200241 a 4500
003 - CONTROL NUMBER IDENTIFIER
control field OSt
005 - DATE AND TIME OF LATEST TRANSACTION
control field 20171020203856.0
008 - FIXED-LENGTH DATA ELEMENTS--GENERAL INFORMATION
fixed length control field 070802s2008 enk 001 0 eng
020 ## - INTERNATIONAL STANDARD BOOK NUMBER
International Standard Book Number 9780199279425
040 ## - CATALOGING SOURCE
Original cataloging agency DLC
Transcribing agency DLC
Modifying agency DLC
082 00 - DEWEY DECIMAL CLASSIFICATION NUMBER
Classification number 341.48
Edition number 22
Item number STE
100 1# - MAIN ENTRY--PERSONAL NAME
Personal name Steiner, Henry J.
9 (RLIN) 258
245 10 - TITLE STATEMENT
Title International Human Rights in Context :
Remainder of title law, politics, morals : text and materials /
Statement of responsibility, etc Henry J. Steiner, Philip Alston, Ryan Goodman.
250 ## - EDITION STATEMENT
Edition statement 3rd ed.
260 ## - PUBLICATION, DISTRIBUTION, ETC. (IMPRINT)
Place of publication, distribution, etc Oxford, UK :
-- New York :
Name of publisher, distributor, etc Oxford University Press,
Date of publication, distribution, etc 2008.
300 ## - PHYSICAL DESCRIPTION
Extent xxxix, 1492 p. ;
Dimensions 25 cm.
504 ## - BIBLIOGRAPHY, ETC. NOTE
Bibliography, etc Includes index.
650 #0 - SUBJECT ADDED ENTRY--TOPICAL TERM
Topical term or geographic name as entry element Human rights.
9 (RLIN) 259
650 #0 - SUBJECT ADDED ENTRY--TOPICAL TERM
Topical term or geographic name as entry element Human rights
General subdivision Moral and ethical aspects.
9 (RLIN) 260
700 1# - ADDED ENTRY--PERSONAL NAME
Personal name Alston, Philip.
9 (RLIN) 261
700 1# - ADDED ENTRY--PERSONAL NAME
Personal name Goodman, Ryan.
9 (RLIN) 262
942 ## - ADDED ENTRY ELEMENTS (KOHA)
Source of classification or shelving scheme Dewey Decimal Classification
Koha item type Books
Holdings
Withdrawn status Lost status Source of classification or shelving scheme Damaged status Not for loan Home library Current library Shelving location Date acquired Total Checkouts Full call number Barcode Date last seen Price effective from Koha item type
    Dewey Decimal Classification     Law Development Centre Main Library Law Development Centre Main Library Text Books and Laws 04/07/2011   341.48 STE 2011/2603 04/07/2011 04/07/2011 Books